Normal view
MARC view
Entry Personal Name
001 - CONTROL NUMBER
- control field: 747710
003 - CONTROL NUMBER IDENTIFIER
- control field: OSt
005 - DATE AND TIME OF LATEST TRANSACTION
- control field: 20250326143242.0
008 - FIXED-LENGTH DATA ELEMENTS
- fixed length control field: 250326|| aca||aabn | a|a d
040 ## - CATALOGING SOURCE
- Original cataloging agency: OSt
- Transcribing agency: OSt
100 ## - HEADING--PERSONAL NAME
- Personal name: Kasser T
670 ## - SOURCE DATA FOUND
- Source citation: Work cat.: (OSt)1298788: Kasser T, Psychology and consumer culture:The struggle for a goodlife in a materialistic world, 2003
